00779cam a2200253 a 4500001001300000003000400013005001700017008004100034010001700075040001800092042000800110043001200118050002300130066000700153100003300160245006100193260005000254300002700304650003800331880003900369880005700408880004300465999001700508j 60002208 DLC20260227111518.0120217s1952 ja l 000 0 jpn  aj 60002208  aDLCcDLCdDLC apcc aa-ja---00aKNX1147b.I56 1952 c$11 6880-01aInoki, Masuo,d1911-106880-02aKaisha kōseihō yōsetsu /cInoki Masuo cho. 6880-03aTōkyō :bGakuyō Shobō,c1952. a2, 7, 287 p. ;c22 cm. 0aCorporate reorganizationszJapan.1 6100-01/$1a位野木益雄,d1911-106245-02a会社更生法要說 /c位野木益雄著. 6260-03a東京 :b学陽書房,c1952. c34899d34899